عرض عادي
عرض مارك
- Fiction
مدخل مصطلح موضوعي
001 - رقم الضبط
- حقل الضبط: 4201
003 - معرف رقم الضبط
- حقل الضبط: OSt
005 - تاريخ ووقت أخر عملية
- حقل الضبط: 20110910114734.0
008 - عناصر بيانات ثابتة الطول
- حقل تحكم ثابت الطول: 110910|||a|||||| | ||| d
040 ## - مصدر الفهرسة
- هيئة الفهرسة الأصلية: OSt
- وكالة الكتابة: OSt
150 ## - مدخل-- مصطلح تاريخي
- عنصر مدخل المصطلح الموضوعي او الاسم الجغرافي: Fiction
- تفريع عام: Authorship.
670 ## - بيانات المصدر موجوده
- الاستشهاد بالمصدر: Work cat.: (OSt)0: Brady, Catherine, 1955- 4200, Story logic and the craft of fiction /, 2010.
